[Event "ENCI Limburg-open B"]
[Site "Maastricht"]
[Date "2012.05.26"]
[Round "3"]
[White "Santiago, Gerardo"]
[Black "Dijkstra, Hidde"]
[Result "1-0"]
[WhiteElo "1714"]
[BlackElo "1665"]
[PlyCount "69"]
[EventDate "2012.05.25"]
[EventType "swiss"]
[EventRounds "7"]
[EventCountry "NED"]
[Source "P.Boonen"]
[SourceDate "2013.01.01"]

1. e4 e5 2. Nf3 Nc6 3. d4 exd4 4. Bc4 Nf6 5. O-O Be7 6. e5 Ne4 7. Re1 d5 8.
exd6 Nxd6 9. Bd5 Bg4 10. Bxc6+ bxc6 11. Qxd4 Bxf3 12. gxf3 O-O 13. Nc3 Bf6 14.
Qd3 Rb8 15. Rb1 Re8 16. Be3 a5 17. b3 g6 18. Ne4 Bg7 19. Rbd1 Nf5 20. Qc4 Qh4
21. Rd7 Re6 22. Rxf7 Rbe8 23. Bg5 Qxg5+ 24. Nxg5 Rxe1+ 25. Kg2 Nd6 26. Rxg7+
Kxg7 27. Qxc6 R8e7 28. Qc3+ Kh6 29. Qd2 R1e2 30. Qf4 Kg7 31. Qd4+ Kg8 32. Qd5+
Kg7 33. c4 Rxa2 34. Ne6+ Kh6 35. Qg5# 1-0

[Event "ENCI Limburg-open B"]
[Site "Maastricht"]
[Date "2012.05.26"]
[Round "3"]
[White "Senders, Justin"]
[Black "Gunther, Marcella"]
[Result "1-0"]
[WhiteElo "1902"]
[BlackElo "1937"]
[PlyCount "57"]
[EventDate "2012.05.25"]
[EventType "swiss"]
[EventRounds "7"]
[EventCountry "NED"]
[Source "P.Boonen"]
[SourceDate "2013.01.01"]

1. e4 c5 2. c3 Nf6 3. e5 Nd5 4. d4 cxd4 5. cxd4 e6 6. Nf3 Nc6 7. a3 Be7 8. Bd3
O-O 9. O-O d6 10. Qe2 a6 11. Rd1 b5 12. Qc2 Bb7 13. Bxh7+ Kh8 14. Bd3 Rc8 15.
Qe2 Na5 16. Qe4 g6 17. Qg4 Rxc1 18. Rxc1 Nb3 19. Nbd2 Nxc1 20. Rxc1 Nb6 21. Bb1
Kg7 22. Ne4 dxe5 23. dxe5 Nc4 24. Neg5 Bxf3 25. Nxf3 Nxb2 26. Nd4 Nc4 27. Nxe6+
fxe6 28. Qxg6+ Kh8 29. Qh7# 1-0

[Event "ENCI Limburg-open B"]
[Site "Maastricht"]
[Date "2012.05.26"]
[Round "3"]
[White "Senders, Mischa"]
[Black "Roefe, Detlef"]
[Result "1-0"]
[WhiteElo "1905"]
[BlackElo "1993"]
[PlyCount "59"]
[EventDate "2012.05.25"]
[EventType "swiss"]
[EventRounds "7"]
[EventCountry "NED"]
[Source "P.Boonen"]
[SourceDate "2013.01.01"]

1. e4 c5 2. Nf3 e6 3. d4 cxd4 4. Nxd4 d6 5. Nc3 Nf6 6. Be2 Be7 7. O-O O-O 8.
Be3 a6 9. f4 Nbd7 10. Bf3 Qc7 11. Qd2 Re8 12. a4 Bf8 13. a5 e5 14. Nb3 exf4 15.
Bxf4 Ne5 16. Bg5 Nxf3+ 17. gxf3 Bh3 18. Rfd1 Nd7 19. Nd5 Qb8 20. Nd4 Be6 21. c4
Qc8 22. Rac1 Rb8 23. Be3 Ne5 24. Nb6 Qc5 25. Nxe6 Nxf3+ 26. Kf2 Nxd2 27. Nxc5
dxc5 28. Rxd2 Rxe4 29. Rd7 Rbe8 30. Nd5 1-0

[Event "ENCI Limburg-open B"]
[Site "Maastricht"]
[Date "2012.05.26"]
[Round "3"]
[White "Snoeks, Pieter Jan"]
[Black "Freer, Robert"]
[Result "0-1"]
[WhiteElo "1719"]
[BlackElo "1830"]
[PlyCount "74"]
[EventDate "2012.05.25"]
[EventType "swiss"]
[EventRounds "7"]
[EventCountry "NED"]
[Source "P.Boonen"]
[SourceDate "2013.01.01"]

1. d4 e6 2. c4 d5 3. Nc3 c6 4. Nf3 Be7 5. Bf4 Nf6 6. e3 Nbd7 7. Bd3 dxc4 8.
Bxc4 b5 9. Bd3 a6 10. O-O Bb7 11. Rc1 c5 12. dxc5 Nxc5 13. Nd4 Nxd3 14. Qxd3 b4
15. Na4 e5 16. Bxe5 Qd5 17. f3 Qxe5 18. Nb6 Rd8 19. Rfe1 O-O 20. Qf5 Bd6 21. f4
Qxf5 22. Nxf5 Bb8 23. Na4 Rd2 24. Nc5 Ba8 25. Nxa6 Rxg2+ 26. Kf1 Rxb2 27. Ne7+
Kh8 28. Rc8 Rxc8 29. Nxc8 Rc2 30. Nb6 Bg2+ 31. Kg1 Ba7 32. Nxb4 Rb2 33. Nc8 Bh3
34. Nxa7 Rxb4 35. Rd1 h5 36. Nc6 Rb2 37. a4 Rg2+ 0-1

[Event "ENCI Limburg-open B"]
[Site "Maastricht"]
[Date "2012.05.26"]
[Round "3"]
[White "Sofic, Narcis"]
[Black "Dijkhuis, Sven"]
[Result "1-0"]
[WhiteElo "1871"]
[BlackElo "1712"]
[PlyCount "55"]
[EventDate "2012.05.25"]
[EventType "swiss"]
[EventRounds "7"]
[EventCountry "NED"]
[Source "P.Boonen"]
[SourceDate "2013.01.01"]

1. Nf3 Nf6 2. d4 g6 3. g3 Bg7 4. Bg2 O-O 5. c4 d5 6. Nc3 dxc4 7. Qa4 c6 8. Qxc4
Nbd7 9. O-O Nb6 10. Qd3 Be6 11. b3 Nbd5 12. Nxd5 Bxd5 13. Be3 Rc8 14. Bh3 e6
15. Rad1 Qa5 16. Qd2 Qa6 17. Ne5 Ne4 18. Qb2 Rfd8 19. f3 Nd6 20. Bf2 f6 21. Nd3
f5 22. Nc5 Qb6 23. Qc2 e5 24. dxe5 Bxe5 25. Ne6 Qa6 26. Nxd8 Rxd8 27. Bg2 Be6
28. Qc5 1-0

[Event "ENCI Limburg-open B"]
[Site "Maastricht"]
[Date "2012.05.26"]
[Round "3"]
[White "Van der Scheur, Dirk"]
[Black "Klein, Gernot"]
[Result "1/2-1/2"]
[WhiteElo "1951"]
[BlackElo "1971"]
[PlyCount "51"]
[EventDate "2012.05.25"]
[EventType "swiss"]
[EventRounds "7"]
[EventCountry "NED"]
[Source "P.Boonen"]
[SourceDate "2013.01.01"]

1. d4 d5 2. c4 e6 3. Nf3 c6 4. e3 Bd6 5. Nbd2 f5 6. Ne5 Nf6 7. Be2 O-O 8. O-O
Nbd7 9. f4 Ne4 10. Nxe4 fxe4 11. Bd2 Nxe5 12. fxe5 Be7 13. Qc2 Rxf1+ 14. Rxf1
Bd7 15. Qb3 Qb6 16. c5 Qc7 17. Qc2 Be8 18. b4 a6 19. a4 Bg5 20. g3 Bd7 21. Qb1
Rf8 22. Rxf8+ Kxf8 23. Qf1+ Kg8 24. h4 Be7 25. Kg2 Qd8 26. Kh3 1/2-1/2

[Event "ENCI Limburg-open B"]
[Site "Maastricht"]
[Date "2012.05.26"]
[Round "3"]
[White "Vaneylen, Urbain"]
[Black "Geene, Joris"]
[Result "0-1"]
[WhiteElo "1710"]
[BlackElo "1612"]
[PlyCount "88"]
[EventDate "2012.05.25"]
[EventType "swiss"]
[EventRounds "7"]
[EventCountry "NED"]
[Source "P.Boonen"]
[SourceDate "2013.01.01"]

1. f4 d5 2. Nf3 c5 3. e3 Nc6 4. Bb5 Bf5 5. O-O Nf6 6. d3 e6 7. Ne5 Qc7 8. Nd2
Bd6 9. Ndf3 Nd7 10. Qe1 Bxe5 11. Bxc6 bxc6 12. fxe5 Nxe5 13. Bd2 Ng4 14. h3 Nf6
15. Qh4 O-O 16. Be1 Bg6 17. Bg3 Qd8 18. Qa4 Qb6 19. Bd6 Rfe8 20. Ne5 Rad8 21.
Nxg6 Rxd6 22. Nf4 e5 23. Ne2 c4 24. Rad1 Qxe3+ 25. Rf2 cxd3 26. Rxd3 Qb6 27.
Rb3 Qc7 28. Qb4 Ne4 29. Rf1 Rd7 30. Qe1 c5 31. Ng3 c4 32. Rbf3 Nxg3 33. Qxg3 e4
34. Qxc7 Rxc7 35. Rf5 d4 36. Rd5 d3 37. Rc1 c3 38. bxc3 Rxc3 39. Re1 dxc2 40.
Rc1 Rd3 41. Rf5 Rd2 42. Kh2 e3 43. Rc5 e2 44. Re1 g6 0-1

[Event "ENCI Limburg-open B"]
[Site "Maastricht"]
[Date "2012.05.26"]
[Round "3"]
[White "Weber, Bernhard1"]
[Black "Blijlevens, Pim"]
[Result "1/2-1/2"]
[WhiteElo "1765"]
[BlackElo "1920"]
[PlyCount "126"]
[EventDate "2012.05.25"]
[EventType "swiss"]
[EventRounds "7"]
[EventCountry "NED"]
[Source "P.Boonen"]
[SourceDate "2013.01.01"]

1. e4 e5 2. Nf3 Nc6 3. Bb5 f5 4. d3 fxe4 5. dxe4 d6 6. Nc3 Nf6 7. Bg5 Be7 8. h3
Be6 9. Be3 h6 10. Qe2 a6 11. Bc4 Qd7 12. O-O-O b5 13. Bxe6 Qxe6 14. g4 Na5 15.
g5 Nd7 16. gxh6 gxh6 17. Nd5 Kd8 18. Kb1 c6 19. Nxe7 Kxe7 20. Nh4 Nb7 21. Nf5+
Kd8 22. Qd2 Kc7 23. Nxh6 Nf6 24. f3 Nh5 25. Rdg1 Raf8 26. Nf5 Rhg8 27. Rg4 Nf6
28. Rg5 Rxg5 29. Bxg5 d5 30. Qe2 dxe4 31. fxe4 Nxe4 32. Qxe4 Qxf5 33. Qe3 Qf1+
34. Rxf1 Rxf1+ 35. Qc1 Rxc1+ 36. Kxc1 Kd6 37. Kd2 Ke6 38. Ke3 Kf5 39. Be7 Ke6
40. Bb4 Kf5 41. Be1 Nd6 42. b3 Kg5 43. Bb4 Nf7 44. Be7+ Kf5 45. Bh4 Nd6 46. Bg3
Nf7 47. Kd3 Nd6 48. c4 Ne4 49. Be1 Kf4 50. Bd2+ Kf3 51. cxb5 cxb5 52. Be3 Nf6
53. a4 bxa4 54. bxa4 Nh5 55. h4 Ng3 56. Bg5 e4+ 57. Kd2 Nh5 58. a5 Ng3 59. Bh6
Nf5 60. Bg5 Ng3 61. Kc3 e3 62. Bxe3 Kxe3 63. Kc4 Ke4 {.....} 1/2-1/2

[Event "ENCI Limburg-open B"]
[Site "Maastricht"]
[Date "2012.05.26"]
[Round "3"]
[White "Yue, Tim"]
[Black "Willen, Ronny"]
[Result "1-0"]
[WhiteElo "1931"]
[BlackElo "1876"]
[PlyCount "59"]
[EventDate "2012.05.25"]
[EventType "swiss"]
[EventRounds "7"]
[EventCountry "NED"]
[Source "P.Boonen"]
[SourceDate "2013.01.01"]

1. e4 c5 2. Nf3 d6 3. d4 cxd4 4. Nxd4 Nf6 5. Nc3 g6 6. Be3 Bg7 7. f3 O-O 8. Bc4
Nc6 9. Qd2 Bd7 10. O-O-O Rb8 11. h4 Na5 12. Bb3 b5 13. Bh6 Nxb3+ 14. cxb3 Qa5
15. Bxg7 Kxg7 16. Kb1 b4 17. Nce2 e5 18. Nf5+ Bxf5 19. exf5 Rb6 20. a4 h5 21.
g4 Rh8 22. gxh5 e4 23. hxg6 fxg6 24. fxg6 Rh5 25. Nf4 Re5 26. fxe4 Rxe4 27. h5
Qf5 28. h6+ Kh8 29. g7+ Kh7 30. Nd3 1-0

[Event "ENCI Limburg-open B"]
[Site "Maastricht"]
[Date "2012.05.26"]
[Round "3"]
[White "Zegstroo, Martin"]
[Black "Dittmar, Thomas"]
[Result "0-1"]
[WhiteElo "1891"]
[BlackElo "1947"]
[PlyCount "76"]
[EventDate "2012.05.25"]
[EventType "swiss"]
[EventRounds "7"]
[EventCountry "NED"]
[Source "P.Boonen"]
[SourceDate "2013.01.01"]

1. e4 c6 2. d4 d5 3. Nd2 dxe4 4. Nxe4 Nf6 5. Ng3 h5 6. Bc4 h4 7. N3e2 Bg4 8.
Qd3 e6 9. Bd2 Nbd7 10. Nf3 h3 11. g3 Bf5 12. Qb3 Be4 13. Nf4 b5 14. Be2 g5 15.
Nxe6 fxe6 16. Qxe6+ Qe7 17. Qxe7+ Bxe7 18. O-O g4 19. Ng5 Bd5 20. Bd3 O-O-O 21.
a4 b4 22. c4 Bg8 23. Rfe1 Bf8 24. Ne6 Bxe6 25. Rxe6 Kb7 26. Bg5 Bg7 27. Re7
Rhg8 28. Bf5 Kc7 29. Rae1 Bh8 30. Bh4 Kb6 31. c5+ Kc7 32. Rf7 Rde8 33. Re3 Rgf8
34. Rfe7 Rd8 35. Bxf6 Bxf6 36. Bxd7 Rxd7 37. Rxd7+ Kxd7 38. Re4 Re8 0-1

[Event "ENCI Limburg-open B"]
[Site "Maastricht"]
[Date "2012.05.27"]
[Round "4"]
[White "Blijlevens, Pim"]
[Black "Henrotte, Nils"]
[Result "1-0"]
[WhiteElo "1920"]
[BlackElo "1969"]
[PlyCount "57"]
[EventDate "2012.05.25"]
[EventType "swiss"]
[EventRounds "7"]
[EventCountry "NED"]
[Source "P.Boonen"]
[SourceDate "2013.01.01"]

1. d4 e6 2. c4 Nf6 3. Nf3 c5 4. g3 cxd4 5. Nxd4 Bc5 6. Bg2 Qb6 7. e3 h5 8. h3
Qc7 9. b3 a6 10. O-O Nc6 11. Bb2 Ba7 12. Nc3 h4 13. g4 Bb8 14. f4 Nxd4 15. Qxd4
e5 16. Qd3 exf4 17. exf4 O-O 18. Nd5 Nxd5 19. Bxd5 Kh8 20. Rae1 d6 21. Qc3 f6
22. Qd3 Ba7+ 23. Kh2 f5 24. g5 Kh7 25. Qf3 g6 26. Re2 Be6 27. Rxe6 Rae8 28.
Rfe1 Qd7 29. Qe2 1-0

[Event "ENCI Limburg-open B"]
[Site "Maastricht"]
[Date "2012.05.27"]
[Round "4"]
[White "Armino, Leo"]
[Black "Gerlagh, Joris"]
[Result "1-0"]
[WhiteElo "1996"]
[BlackElo "1777"]
[PlyCount "41"]
[EventDate "2012.05.25"]
[EventType "swiss"]
[EventRounds "7"]
[EventCountry "NED"]
[Source "P.Boonen"]
[SourceDate "2013.01.01"]

1. e4 e6 2. d4 d5 3. Nd2 Nf6 4. e5 Nfd7 5. Bd3 c5 6. c3 Nc6 7. Ne2 Qb6 8. Nf3
Be7 9. O-O Nf8 10. Be3 Qxb2 11. a4 c4 12. Rb1 Qa3 13. Bc1 Qa2 14. Rb2 Qa1 15.
Bb1 Bd7 16. Qc2 Nb4 17. cxb4 Bxa4 18. Qc3 a5 19. bxa5 Bc6 20. Ba2 Ba4 21. Bg5
1-0

[Event "ENCI Limburg-open B"]
[Site "Maastricht"]
[Date "2012.05.27"]
[Round "4"]
[White "Bauchmueller, Franz Josef"]
[Black "Cornelius, Jorg"]
[Result "0-1"]
[WhiteElo "1841"]
[BlackElo "2036"]
[PlyCount "92"]
[EventDate "2012.05.25"]
[EventType "swiss"]
[EventRounds "7"]
[EventCountry "NED"]
[Source "P.Boonen"]
[SourceDate "2013.01.01"]

1. e4 Nf6 2. e5 Nd5 3. Bc4 Nb6 4. Qe2 Nc6 5. Nf3 Nxc4 6. Qxc4 d5 7. Qf4 d4 8.
d3 g6 9. Ng5 Qd5 10. Nf3 Bg7 11. e6 Bxe6 12. Qxc7 Nb4 13. Na3 Rc8 14. Qf4 Rxc2
15. O-O Nxd3 16. Qb8+ Rc8 17. Qxa7 O-O 18. Rd1 Nxc1 19. Raxc1 d3 20. Rxc8 Rxc8
21. b3 b5 22. Qxe7 Bf8 23. Qh4 Bxa3 24. Ng5 h5 25. Ne4 Bb2 26. Qf4 Qe5 27. Qh4
Rc1 28. Rxc1 Bxc1 29. Qd8+ Kg7 30. Qxd3 b4 31. f3 Qa1 32. Kf2 Qxa2+ 33. Kg3 Qb2
34. f4 Qxb3 35. Nc5 Qxd3+ 36. Nxd3 b3 37. Kf3 b2 38. Nxb2 Bxb2 39. h3 Bd5+ 40.
Kf2 Bd4+ 41. Kg3 Kf6 42. Kh2 h4 43. g3 hxg3+ 44. Kxg3 Kf5 45. h4 Be3 46. h5
Bxf4+ 0-1

[Event "ENCI Limburg-open B"]
[Site "Maastricht"]
[Date "2012.05.27"]
[Round "4"]
[White "Begri, Felix"]
[Black "Kuck, Ulrich"]
[Result "0-1"]
[WhiteElo "1893"]
[BlackElo "1898"]
[PlyCount "62"]
[EventDate "2012.05.25"]
[EventType "swiss"]
[EventRounds "7"]
[EventCountry "NED"]
[Source "P.Boonen"]
[SourceDate "2013.01.01"]

1. d4 c5 2. d5 Nf6 3. c4 a6 4. a4 e6 5. Nc3 exd5 6. cxd5 d6 7. e4 g6 8. f4 Bg7
9. Nf3 Bg4 10. Be2 O-O 11. O-O Nbd7 12. Bd2 Re8 13. h3 Bxf3 14. Bxf3 c4 15. Qc2
Nc5 16. Rae1 Nfd7 17. Kh1 Rb8 18. Be3 b5 19. axb5 axb5 20. f5 Nd3 21. Re2 Nxb2
22. fxg6 hxg6 23. Bf4 Qf6 24. Bd2 b4 25. Nb1 c3 26. Be1 Nc5 27. e5 Rxe5 28.
Rxe5 Qxe5 29. Qf2 Nbd3 30. Qa2 Nxe1 31. Qa7 Re8 0-1

[Event "ENCI Limburg-open B"]
[Site "Maastricht"]
[Date "2012.05.27"]
[Round "4"]
[White "Behr, Rene Christian"]
[Black "Alvarez Carbajales, Fermin"]
[Result "1-0"]
[WhiteElo "1820"]
[BlackElo "1954"]
[PlyCount "107"]
[EventDate "2012.05.25"]
[EventType "swiss"]
[EventRounds "7"]
[EventCountry "NED"]
[Source "P.Boonen"]
[SourceDate "2013.01.01"]

1. c4 e5 2. g3 Nc6 3. Bg2 g6 4. d3 Bg7 5. Nc3 d6 6. e4 Nge7 7. Nge2 O-O 8. O-O
f5 9. f4 Be6 10. Qb3 Qd7 11. Nd5 Rab8 12. Bd2 Nd8 13. Qa3 Nc8 14. Bb4 b6 15.
fxe5 a5 16. Bc3 dxe5 17. Rad1 Nd6 18. b3 c6 19. Ne3 Qc7 20. exf5 Nxf5 21. Nxf5
Bxf5 22. d4 Ne6 23. d5 cxd5 24. Rxd5 Rbd8 25. Qb2 Rxd5 26. Bxd5 Kh8 27. g4 Qc5+
28. Kg2 Bxg4 29. Rxf8+ Qxf8 30. Bxe5 Bxe5 31. Qxe5+ Qg7 32. Qxg7+ Nxg7 33. Nc3
Nf5 34. Na4 Ne3+ 35. Kg3 Bf5 36. Nxb6 Bb1 37. Kf4 Nxd5+ 38. cxd5 Kg7 39. Nc4
Bxa2 40. Nxa5 Kf7 41. Ke5 Ke7 42. Nc6+ Kd7 43. Nd4 Bb1 44. b4 g5 45. Ne6 g4 46.
Nc5+ Kd8 47. d6 h5 48. b5 h4 49. Kf4 Bf5 50. b6 Bc8 51. b7 Bxb7 52. Kxg4 Bc6
53. Kxh4 Ke8 54. Kg5 1-0

[Event "ENCI Limburg-open B"]
[Site "Maastricht"]
[Date "2012.05.27"]
[Round "4"]
[White "Bieberle, Gerhart"]
[Black "Paajala, Niki"]
[Result "1/2-1/2"]
[WhiteElo "1887"]
[BlackElo "1967"]
[PlyCount "81"]
[EventDate "2012.05.25"]
[EventType "swiss"]
[EventRounds "7"]
[EventCountry "NED"]
[Source "P.Boonen"]
[SourceDate "2013.01.01"]

1. d4 f5 2. c4 Nf6 3. Nc3 d6 4. f4 c6 5. Nf3 Na6 6. e3 Nc7 7. Bd3 g6 8. a4 Bg7
9. b4 c5 10. bxc5 dxc5 11. Qc2 Na6 12. Ba3 Ng4 13. Nd5 e6 14. h3 Nh6 15. Nc3
O-O 16. dxc5 Qa5 17. Nd4 Nxc5 18. O-O Rd8 19. Rad1 Nf7 20. Ncb5 Nxd3 21. Rxd3
Bxd4 22. Rxd4 Rxd4 23. exd4 a6 24. Nc3 Bd7 25. c5 Bc6 26. Rd1 Rd8 27. Qb3 Qc7
28. Bc1 Qd7 29. Be3 h6 30. a5 g5 31. Rf1 Kh7 32. Rf2 Rg8 33. fxg5 Nxg5 34. Bxg5
Rxg5 35. Ne2 Bd5 36. Qe3 Qb5 37. Nc3 Qc4 38. Nxd5 Qxd5 39. Re2 Rg6 40. Qe5 Qd8
41. Ra2 1/2-1/2

[Event "ENCI Limburg-open B"]
[Site "Maastricht"]
[Date "2012.05.27"]
[Round "4"]
[White "Billot, Daniel"]
[Black "Blom, Huub"]
[Result "1-0"]
[WhiteElo "1711"]
[BlackElo "1846"]
[PlyCount "49"]
[EventDate "2012.05.25"]
[EventType "swiss"]
[EventRounds "7"]
[EventCountry "NED"]
[Source "P.Boonen"]
[SourceDate "2013.01.01"]

1. e4 e6 2. d4 d5 3. e5 c5 4. c3 Nc6 5. Nf3 Bd7 6. Bd3 cxd4 7. cxd4 Qb6 8. Nc3
Nxd4 9. Nxd4 Qxd4 10. O-O a6 11. Qe2 Ne7 12. Kh1 Nc6 13. f4 Nb4 14. Rd1 Nxd3
15. Rxd3 Qa7 16. f5 Bc5 17. Bg5 b5 18. Rf1 b4 19. fxe6 fxe6 20. Qf3 Bc6 21. Qg4
Qd7 22. Ne4 Be7 23. Bxe7 Qxe7 24. Nd6+ Kd8 25. Rf7 1-0

[Event "ENCI Limburg-open B"]
[Site "Maastricht"]
[Date "2012.05.27"]
[Round "4"]
[White "Bondarchuk, Vadim"]
[Black "Ibrahim, Ashraf"]
[Result "1-0"]
[WhiteElo "1985"]
[BlackElo "1749"]
[PlyCount "49"]
[EventDate "2012.05.25"]
[EventType "swiss"]
[EventRounds "7"]
[EventCountry "NED"]
[Source "P.Boonen"]
[SourceDate "2013.01.01"]

1. e4 d5 2. exd5 Qxd5 3. Nc3 Qa5 4. d4 Nf6 5. Bc4 c6 6. Qf3 Bg4 7. Qg3 e6 8.
Bd2 Qb6 9. f3 Bf5 10. O-O-O Qxd4 11. Bb3 Bd6 12. Qe1 Qe5 13. Be3 Bc5 14. Bxc5
Qxc5 15. h4 h6 16. Nh3 Nbd7 17. g4 Bh7 18. g5 Nh5 19. gxh6 gxh6 20. Na4 Qf5 21.
Qe3 c5 22. Rd5 e5 23. Nxc5 Ndf6 24. Rd2 Rc8 25. Nxb7 1-0

[Event "ENCI Limburg-open B"]
[Site "Maastricht"]
[Date "2012.05.27"]
[Round "4"]
[White "Bruls, Peter"]
[Black "Zegstroo, Martin"]
[Result "1/2-1/2"]
[WhiteElo "1833"]
[BlackElo "1891"]
[PlyCount "30"]
[EventDate "2012.05.25"]
[EventType "swiss"]
[EventRounds "7"]
[EventCountry "NED"]
[Source "P.Boonen"]
[SourceDate "2013.01.01"]

1. c4 Nf6 2. g3 c5 3. Bg2 g6 4. Nf3 Nc6 5. b3 Bg7 6. Bb2 O-O 7. O-O d6 8. d4
cxd4 9. Nxd4 Bd7 10. Nd2 Nxd4 11. Bxd4 Bc6 12. Nf3 Qd7 13. Qd2 b6 14. Rfd1 Qb7
15. Nh4 Bxg2 1/2-1/2

[Event "ENCI Limburg-open B"]
[Site "Maastricht"]
[Date "2012.05.27"]
[Round "4"]
[White "Cairo, Serge"]
[Black "Loose, Rob"]
[Result "0-1"]
[WhiteElo "1829"]
[BlackElo "1970"]
[PlyCount "70"]
[EventDate "2012.05.25"]
[EventType "swiss"]
[EventRounds "7"]
[EventCountry "NED"]
[Source "P.Boonen"]
[SourceDate "2013.01.01"]

1. d4 Nf6 2. c4 g6 3. Nc3 Bg7 4. e4 d6 5. g3 O-O 6. Bg2 Nc6 7. Nge2 a6 8. O-O
Rb8 9. f3 b5 10. cxb5 axb5 11. Be3 b4 12. Nb1 Na5 13. Nd2 Nd7 14. Rc1 Ba6 15.
Re1 Bxe2 16. Qxe2 c5 17. Qd3 cxd4 18. Bxd4 Nc5 19. Qe3 Bxd4 20. Qxd4 Qb6 21.
Nc4 Nxc4 22. Rxc4 Qa5 23. Rd1 Ne6 24. Qd2 Qa7+ 25. Kh1 Qxa2 26. Rxb4 Rxb4 27.
Qxb4 Rc8 28. Qa3 Qc4 29. Qe3 Qc2 30. Qd2 Qxd2 31. Rxd2 Rc1+ 32. Bf1 Rxf1+ 33.
Kg2 Rc1 34. Kf2 Nc5 35. Ke3 Kg7 {.....} 0-1

[Event "ENCI Limburg-open B"]
[Site "Maastricht"]
[Date "2012.05.27"]
[Round "4"]
[White "Coenen, Bert"]
[Black "Ringeltaube, Denny"]
[Result "1/2-1/2"]
[WhiteElo "1835"]
[BlackElo "1749"]
[PlyCount "41"]
[EventDate "2012.05.25"]
[EventType "swiss"]
[EventRounds "7"]
[EventCountry "NED"]
[Source "P.Boonen"]
[SourceDate "2013.01.01"]

1. d4 Nf6 2. Nf3 e6 3. Bg5 Be7 4. Nbd2 d5 5. e3 b6 6. c3 O-O 7. Ne5 h6 8. Bh4
Nfd7 9. Bxe7 Qxe7 10. Ndf3 Nxe5 11. Nxe5 Bb7 12. Bd3 Nd7 13. Nxd7 Qxd7 14. O-O
Qd6 15. f4 f5 16. g4 Qe7 17. Rf2 Rf6 18. h4 g5 19. Rg2 Rg6 20. h5 Rg7 21. Qf3
1/2-1/2

[Event "ENCI Limburg-open B"]
[Site "Maastricht"]
[Date "2012.05.27"]
[Round "4"]
[White "Dijkhuis, Sven"]
[Black "Santiago, Gerardo"]
[Result "1-0"]
[WhiteElo "1712"]
[BlackElo "1714"]
[PlyCount "73"]
[EventDate "2012.05.25"]
[EventType "swiss"]
[EventRounds "7"]
[EventCountry "NED"]
[Source "P.Boonen"]
[SourceDate "2013.01.01"]

1. e4 e5 2. Nf3 Nc6 3. Bb5 a6 4. Ba4 Nf6 5. O-O Be7 6. Re1 b5 7. Bb3 O-O 8. a4
b4 9. d3 d6 10. h3 Bb7 11. Be3 Na5 12. c3 bxc3 13. Nxc3 c5 14. Ba2 c4 15. dxc4
Nxe4 16. Nxe4 Bxe4 17. b4 Nc6 18. Nd2 Bd3 19. Qb3 e4 20. Bb1 Bf6 21. Bxd3 exd3
22. Rab1 Rb8 23. b5 axb5 24. axb5 Ne5 25. f4 Bh4 26. Red1 f5 27. Nf1 Qe8 28.
fxe5 f4 29. Bf2 Bxf2+ 30. Kxf2 f3 31. g3 Qh5 32. c5+ Kh8 33. Rxd3 dxe5 34. Qe6
e4 35. Rd5 g5 36. Qe5+ Kg8 37. Qxg5+ 1-0

[Event "ENCI Limburg-open B"]
[Site "Maastricht"]
[Date "2012.05.27"]
[Round "4"]
[White "Dijkstra, Hidde"]
[Black "Machiroux, Bruno"]
[Result "1-0"]
[WhiteElo "1665"]
[BlackElo "1809"]
[PlyCount "39"]
[EventDate "2012.05.25"]
[EventType "swiss"]
[EventRounds "7"]
[EventCountry "NED"]
[Source "P.Boonen"]
[SourceDate "2013.01.01"]

1. e4 c5 2. Nc3 a6 3. f4 b5 4. Nf3 Bb7 5. d3 Nc6 6. Be2 e6 7. O-O Qc7 8. Be3 d6
9. Qe1 Nf6 10. f5 exf5 11. Nd2 b4 12. Nd1 fxe4 13. dxe4 Be7 14. Qg3 O-O-O 15.
Qxg7 Ne5 16. Rxf6 Rdg8 17. Qh6 Bxf6 18. Qxf6 h5 19. Nf2 Rh7 20. Qf5+ 1-0

[Event "ENCI Limburg-open B"]
[Site "Maastricht"]
[Date "2012.05.27"]
[Round "4"]
[White "Drose, Daniela"]
[Black "Broekhuis, Jan"]
[Result "1-0"]
[WhiteElo "1964"]
[BlackElo "1880"]
[PlyCount "125"]
[EventDate "2012.05.25"]
[EventType "swiss"]
[EventRounds "7"]
[EventCountry "NED"]
[Source "P.Boonen"]
[SourceDate "2013.01.01"]

1. c4 Nf6 2. Nc3 Nc6 3. g3 e6 4. Bg2 Be7 5. d4 d5 6. Nf3 h6 7. O-O O-O 8. a3
Nb8 9. e4 Nxe4 10. Nxe4 dxe4 11. Ne5 Nd7 12. Bxe4 Nxe5 13. dxe5 c6 14. Be3 Qc7
15. f4 c5 16. Qf3 Rb8 17. Rad1 Bd7 18. Rf2 Ba4 19. Rdd2 Rfc8 20. f5 Bc6 21. f6
Bxe4 22. Qxe4 Bf8 23. Rf4 Qc6 24. Qxc6 bxc6 25. fxg7 Bxg7 26. Bxc5 Bxe5 27.
Rg4+ Kh8 28. b4 Rb7 29. Be3 Kh7 30. Rh4 Bg7 31. Rh5 f5 32. Rd6 Re7 33. Rh4 Kg6
34. Bd4 Bf8 35. Be3 h5 36. Rhd4 Bg7 37. Rd3 Bf6 38. Rd7 Rc7 39. Rxc7 Rxc7 40.
Rd6 Kf7 41. Kf2 h4 42. gxh4 Bxh4+ 43. Kf3 Be7 44. Rd1 e5 45. Bf2 Ke6 46. Rg1
Bf6 47. Rg8 e4+ 48. Ke2 f4 49. Ra8 Rh7 50. h4 Bxh4 51. Bxa7 Bg3 52. Re8+ Kf5
53. Rf8+ Kg4 54. Rg8+ Kh3 55. Bd4 Kg2 56. Bf2 Ra7 57. Bxa7 f3+ 58. Kd1 f2 59.
Bxf2 Kxf2 60. Rxg3 e3 61. Rxe3 Kxe3 62. b5 cxb5 63. cxb5 1-0

[Event "ENCI Limburg-open B"]
[Site "Maastricht"]
[Date "2012.05.27"]
[Round "4"]
[White "Erin, Igor"]
[Black "Bex, Lennert"]
[Result "0-1"]
[WhiteElo "1748"]
[BlackElo "1739"]
[PlyCount "128"]
[EventDate "2012.05.25"]
[EventType "swiss"]
[EventRounds "7"]
[EventCountry "NED"]
[Source "P.Boonen"]
[SourceDate "2013.01.01"]

1. d4 d6 2. e4 Nf6 3. Nc3 c6 4. Nf3 Bg4 5. h3 Bxf3 6. Qxf3 e6 7. e5 dxe5 8.
dxe5 Nd5 9. Nxd5 cxd5 10. Bb5+ Nd7 11. O-O a6 12. Bxd7+ Qxd7 13. Be3 Be7 14.
Rfd1 Qc7 15. Qg3 g6 16. c3 Bf8 17. Rd3 Bg7 18. Bd4 O-O 19. Re1 Qa5 20. a3 Qb5
21. Re2 a5 22. Rdd2 Qc4 23. Qd3 Qxd3 24. Rxd3 b5 25. f4 Rfb8 26. g4 Bh6 27. Rf3
b4 28. axb4 axb4 29. h4 Ra2 30. g5 Bf8 31. h5 bxc3 32. Bxc3 Bc5+ 33. Kg2 d4 34.
Be1 Raxb2 35. Rff2 Rxe2 36. Rxe2 gxh5 37. Rc2 Rb5 38. Kf3 Kg7 39. Ke4 Kg6 40.
Kd3 Bb6 41. Ke4 Rb3 42. Bd2 h4 43. Bc1 Rc3 44. Rb2 h3 45. Rxb6 h2 46. f5+ Kg7
47. f6+ Kg6 48. Kxd4 Rxc1 49. Rb3 h1=Q 50. Rh3 Qe4+ 51. Kxe4 Rc4+ 52. Kd3 Rc7
53. Rh6+ Kxg5 54. Rxh7 Kf4 55. Kd4 Rd7+ 56. Kc5 Kxe5 57. Kc6 Ra7 58. Kb6 Ra1
59. Rxf7 Rf1 60. Kc5 Rxf6 61. Rxf6 Kxf6 62. Kd4 Kf5 63. Ke3 Ke5 64. Kd3 Kf4 0-1